Statistiques concernant Table de 13

Cliquez ici pour prendre le quiz!

Statistiques générales

  • Ce quiz a été pris 104 fois
    (66 depuis la dernière actualisation)
  • Le résultat moyen est 9 sur 20

Statistiques - réponses

HintRéponse% Correct
13 x 1 =13
73%
13 x 3 =39
73%
13 x 5 =65
73%
13 x 10 =130
68%
13 x 2 =26
68%
13 x 4 =52
68%
13 x 11 =143
64%
13 x 9 =117
59%
13 x 8 =104
50%
13 x 7 =91
50%
13 x 20 =260
45%
13 x 6 =78
45%
13 x 13 =169
41%
13 x 12 =156
32%
13 x 15 =195
27%
13 x 19 =247
27%
13 x 16 =208
23%
13 x 18 =234
23%
13 x 17 =221
18%
13 x 14 =182
14%

Distribution des résultats

Percentile par nombre de réponses

% des personnes avec chaque résultat

Votre développement - résultats

Vous n’avez pas pris ce quiz depuis la dernière actualisation